000 00597cam a2200169 i 4500
005 20251109121335.0
008 250721s ua gr 000 0 ara d
082 1 4 _a155.4
_bم ي ل
100 1 _aالميلادي، عبد المنعم
_eمؤلف.
245 1 2 _aالأبعاد النفسية للطفل /
_cد.عبدالمنعم الميلادي.
264 3 1 _aالاسكندرية :
_bمؤسسة شباب الجامعة،
_c2004.
300 _a181 صفحة.
650 1 7 _aسيكولوجية الأطفال.
650 1 7 _aنمو الطفل.
942 _2ddc
_cBK
999 _c95964
_d95964